| 000 | 00893nam a2200217 a 4500 | ||
|---|---|---|---|
| 001 | 12822 | ||
| 003 | BD-JhCC | ||
| 005 | 20230516102140.0 | ||
| 008 | 230516s2020 b |||| |||| 000 0 b d | ||
| 035 | _a(BD-JhCC)12822 | ||
| 040 |
_aBD-JhCC _dBD-JhCC |
||
| 041 | _aben | ||
| 082 |
_a650.11 _bMAN 2020 |
||
| 100 | _aমানসিন, মার্ক | ||
| 245 |
_aটাইম ম্যানেজমেন্ট : _bম্যানেজারদের জন্য একটি হ্যান্ডবুক / _cমার্ক মানসিন; মোহাম্মদ আবদুল লতিফ (অনু.) |
||
| 260 |
_aঢাকা : _bনোভা পাবলিকেশন্স, _c২০২০ |
||
| 300 |
_a১৬০ পৃ. : _c২১ সেমি. |
||
| 650 | _aTime management | ||
| 700 | _aলতিফ, মোহাম্মদ আবদুল | ||
| 942 |
_2ddc _cBK |
||
| 999 |
_c12822 _d12822 |
||